Türk cumhuriyetleri ve topluluklarına yönelik faaliyetler (Record no. 1112)

MARC details
000 -BAŞLIK
Sabit Uzunlukta Kontrol Alanı 00768na a2200205 4500
001 - KONTROL NUMARASI
Denetim Alanı 18113
003 - KONTROL NUMARASI IDENTIFIER
Denetim Alanı MIRAKIL
005 - SON İŞLEM TARİHİ VE ZAMANI
Denetim Alanı 20181213154812.0
008 - SABİT-BOY VERİ ELEMANLARI - GENEL BİLGİLER
Sabit Uzunlukta Kontrol Alanı 161111b tu 000 0
040 ## - KATALOGLAMA KAYNAK
Orijinal Kataloglama Ajansı Milas
Kataloglama Dili tur
Metne Dönüştürmek Ajansı TR-AnCHP
041 ## - DİL KODU
Metin / Ses Parça Veya Ayrı Başlığın Dil Kodu tur
082 ## - DEWEY ONLU SINIFLANDIRMA NUMARASI
Sınıflandırma Numarası 354.1
Ürün Numarası T96 1998
090 ## - SINIFLAMA NUMARASI
Sınıflama Numarası 354.1 T96 1998
245 ## - BAŞLIK TABLOSU
Başlık Türk cumhuriyetleri ve topluluklarına yönelik faaliyetler
Sorumluluk Tablosu, Vb Dışişleri Bakanlığı Ekonomik, Kültürel, Eğitim ve Teknik İşbirliği Başkanlığı
260 ## - YAYIN, DAĞITIM, VB
Yayın, Dağıtım, Vb Yeri Ankara
Yayıncı, Dağıtıcı, Vs Adı Dışişleri Bakanlığı
Yayın, Dağıtım, Vb Tarihi 1998
300 ## - FİZİKSEL TANIM
Kapsam [60] s.
Diğer Fiziksel Ayrıntıları hrt.
Boyutlar 30 sm.
650 ## - KONU KATMA GİRİŞ - TOPİKAL DÖNEM
Topikal Süreli Veya Coğrafi Ad Giriş Elemanı Uluslararası yönetim
Genel Alt Bölümü Türk Cumhuriyetleri
Kronolojik Alt Bölümü Faaliyetler
710 ## - KATMA GİRİŞ - KURUMSAL ADI
Giriş Elemanı Olarak Kurumsal Ad Veya Yargı Alanı Adı Dışişleri Bakanlığı Ekonomik, Kültürel, Eğitim ve Teknik İşbirliği Başkanlığı
942 ## - EKLENDİ GİRİŞ ELEMANLARI (KOHA)
Sınıflandırma Veya Raf Düzeni Kaynak Dewey Decimal Classification
Koha Öğesi Türü Books
999 ## - SİSTEM KONTROL NUMARALARI (KOHA)
Koha Biblionumber 1112
Koha Biblioitemnumber 1112
Holdings
Kalıcı Konum Mevcut Konum Edinme Tarihi Edinim Kaynak Toplam Check-Out'Lar Tam Çağrı Numarası Barkod Tarih Son Görülme İtibaren Geçerli Fiyatlar Koha Öğesi Türü
CHP Kütüphanesi CHP Kütüphanesi 11/11/2016 Bağış   354.1 T96 1998 008608 11/11/2016 11/11/2016 Books